Statistiques concernant Quelle ville au Moyen-Orient?

Cliquez ici pour prendre le quiz!

Statistiques générales

  • Ce quiz a été pris 8 955 fois
  • Le résultat moyen est 12 sur 20

Statistiques - réponses

indiceville% Correct
Ville sainte du judaïsmeJJérusalem
98%
Où est né MuhammadMLa {Mecque}
97%
Anciennement connu sous le nom de ConstantinopleIIstamboul
93%
Capitale de la TurquieAAnkara
92%
Nommé pour Alexandre le GrandAAlexandrie
89%
Ville avec le plus haut bâtiment du mondeDDubaï
89%
Capitale de l'Arabie SaouditeRRiyad
79%
Ville la plus peuplée d'IsraëlTTel Aviv
74%
Lieu de nombreux matchs de la Coupe du Monde 2022DDoha
72%
Ville dont la « Zone verte » a été établie en 2003BBagdad
71%
Où est mort Mohammed?MMédine
66%
Capitale du califat omeyyadeDDamas
61%
« Le Paris du Moyen-Orient », anciennementBBeyrouth
51%
Capitale du golfe PersiqueKKoweït
43%
Ville égyptienne autrefois connue sous le nom de ThèbesLLouxor
34%
Ancienne capitale égyptienneMMemphis
31%
Capitale de facto de la PalestineRRamallah
29%
Ville portuaire yéménite située sur un golfe du même nomAAden
24%
La plus grande ville de la mer rougeDDjeddah
17%
Le port irakien souvent visité par SindbadBBassorah
11%

Distribution des résultats

Percentile par nombre de réponses

% des personnes avec chaque résultat

Votre développement - résultats

Vous n’avez pas pris ce quiz